[Event "DEM U18w 2023"]
[Site "Willingen GER"]
[Date "2023.05.31"]
[Round "5"]
[White "Evering, Enna"]
[Black "Gossing, Marie-Sophie"]
[Result "1/2-1/2"]
[Termination "normal"]
[Board "12"]
[WhiteElo "1548"]
[BlackElo "1395"]
[WhiteClock "00:14:11"]
[BlackClock "00:21:29"]
[PlyCount "91"]
[WhiteFideId "16218213"]
[BlackFideId "16217284"]
[EventCountry "GER"]
[EventRounds "9"]
[EventType "swiss"]
[EventDate "2023.05.27"]

1. e4 {[%clk 01:30:58]} {[%emt 00:00:02]} e5 {[%clk 01:30:53]} {[%emt
00:00:06]} 2. Nc3 {[%clk 01:31:20]} {[%emt 00:00:08]} Nf6 {[%clk 01:29:39]}
{[%emt 00:01:44]} 3. f4 {[%clk 01:31:34]} {[%emt 00:00:16]} d5 {[%clk
01:23:45]} {[%emt 00:06:25]} 4. fxe5 {[%clk 01:31:41]} {[%emt 00:00:23]} Nxe4
{[%clk 01:23:01]} {[%emt 00:01:13]} 5. Qf3 {[%clk 01:31:47]} {[%emt 00:00:23]}
Nxc3 {[%clk 01:21:23]} {[%emt 00:02:08]} 6. bxc3 {[%clk 01:31:50]} {[%emt
00:00:28]} Be6 {[%clk 01:17:38]} {[%emt 00:04:16]} 7. d4 {[%clk 01:27:53]}
{[%emt 00:04:26]} Be7 {[%clk 01:10:05]} {[%emt 00:08:03]} 8. Bd3 {[%clk
01:20:44]} {[%emt 00:07:40]} c5 {[%clk 01:07:09]} {[%emt 00:03:25]} 9. Ne2
{[%clk 01:12:42]} {[%emt 00:08:32]} Qd7 {[%clk 00:57:02]} {[%emt 00:10:37]} 10.
O-O {[%clk 01:02:10]} {[%emt 00:11:02]} Nc6 {[%clk 00:56:49]} {[%emt 00:00:44]}
11. Be3 {[%clk 00:57:31]} {[%emt 00:05:09]} O-O-O {[%clk 00:51:23]} {[%emt
00:08:25]} 12. Bb5 {[%clk 00:49:10]} {[%emt 00:06:21]} c4 {[%clk 00:50:36]}
{[%emt 00:01:18]} 13. Nf4 {[%clk 00:45:23]} {[%emt 00:04:17]} Bg4 {[%clk
00:39:50]} {[%emt 00:11:16]} 14. Bxc6 {[%clk 00:43:44]} {[%emt 00:02:09]} bxc6
{[%clk 00:39:38]} {[%emt 00:00:42]} 15. Qg3 {[%clk 00:40:19]} {[%emt 00:03:55]}
Rhg8 {[%clk 00:30:07]} {[%emt 00:10:01]} 16. Rab1 {[%clk 00:36:08]} {[%emt
00:04:42]} Bf5 {[%clk 00:24:41]} {[%emt 00:05:55]} 17. Nh5 {[%clk 00:19:44]}
{[%emt 00:16:53]} Be6 {[%clk 00:18:26]} {[%emt 00:06:45]} 18. Bg5 {[%clk
00:18:09]} {[%emt 00:02:05]} Rdf8 {[%clk 00:09:48]} {[%emt 00:09:08]} 19. Bxe7
{[%clk 00:17:44]} {[%emt 00:00:55]} Qxe7 {[%clk 00:10:10]} {[%emt 00:00:08]}
20. Rb4 {[%clk 00:16:14]} {[%emt 00:02:00]} Qc7 {[%clk 00:06:11]} {[%emt
00:04:29]} 21. Rfb1 {[%clk 00:15:26]} {[%emt 00:01:18]} Bf5 {[%clk 00:04:39]}
{[%emt 00:02:01]} 22. R4b2 {[%clk 00:14:04]} {[%emt 00:01:53]} a5 {[%clk
00:02:49]} {[%emt 00:02:20]} 23. Qg5 {[%clk 00:13:45]} {[%emt 00:00:49]} Be6
{[%clk 00:02:38]} {[%emt 00:00:41]} 24. Qe7 {[%clk 00:12:51]} {[%emt 00:01:24]}
Re8 {[%clk 00:01:30]} {[%emt 00:01:39]} 25. Qxc7+ {[%clk 00:11:40]} {[%emt
00:01:40]} Kxc7 {[%clk 00:01:53]} {[%emt 00:00:07]} 26. Rb7+ {[%clk 00:12:02]}
{[%emt 00:00:08]} Kd8 {[%clk 00:02:02]} {[%emt 00:00:21]} 27. Rb8+ {[%clk
00:11:54]} {[%emt 00:00:39]} Ke7 {[%clk 00:02:12]} {[%emt 00:00:20]} 28. R1b7+
{[%clk 00:12:00]} {[%emt 00:00:24]} Bd7 {[%clk 00:02:24]} {[%emt 00:00:17]} 29.
Rxe8+ {[%clk 00:11:57]} {[%emt 00:00:33]} Rxe8 {[%clk 00:02:35]} {[%emt
00:00:19]} 30. Ra7 {[%clk 00:10:35]} {[%emt 00:01:52]} Rb8 {[%clk 00:02:14]}
{[%emt 00:00:51]} 31. Nxg7 {[%clk 00:08:36]} {[%emt 00:02:30]} Kf8 {[%clk
00:01:43]} {[%emt 00:01:00]} 32. Nh5 {[%clk 00:07:56]} {[%emt 00:01:10]} Bg4
{[%clk 00:01:32]} {[%emt 00:00:40]} 33. Nf6 {[%clk 00:07:56]} {[%emt 00:00:30]}
Rb1+ {[%clk 00:01:55]} {[%emt 00:00:07]} 34. Kf2 {[%clk 00:08:22]} {[%emt
00:00:05]} Be6 {[%clk 00:01:26]} {[%emt 00:00:59]} 35. Nxh7+ {[%clk 00:07:06]}
{[%emt 00:01:46]} Kg7 {[%clk 00:01:19]} {[%emt 00:00:36]} 36. Ng5 {[%clk
00:07:13]} {[%emt 00:00:24]} Kg6 {[%clk 00:01:24]} {[%emt 00:00:25]} 37. Nxe6
{[%clk 00:07:13]} {[%emt 00:00:30]} fxe6 {[%clk 00:01:51]} {[%emt 00:00:04]}
38. Rxa5 {[%clk 00:07:03]} {[%emt 00:00:39]} Rb2 {[%clk 00:02:04]} {[%emt
00:00:16]} 39. Kf3 {[%clk 00:05:48]} {[%emt 00:01:45]} Rxc2 {[%clk 00:02:22]}
{[%emt 00:00:13]} 40. Ra3 {[%clk 00:05:02]} {[%emt 00:01:16]} Kg5 {[%clk
00:02:01]} {[%emt 00:00:52]} 41. Kg3 {[%clk 00:26:26]} {[%emt 00:09:05]} Rd2
{[%clk 00:30:57]} {[%emt 00:01:33]} 42. h4+ {[%clk 00:24:05]} {[%emt 00:02:51]}
Kh5 {[%clk 00:25:28]} {[%emt 00:06:00]} 43. Kh3 {[%clk 00:22:47]} {[%emt
00:01:47]} Rd3+ {[%clk 00:23:32]} {[%emt 00:02:27]} 44. g3 {[%clk 00:20:22]}
{[%emt 00:02:55]} Re3 {[%clk 00:21:29]} {[%emt 00:02:32]} 45. Kg2 {[%clk
00:14:11]} Kg4 {[%clk 00:21:29]} 46. Kf2 {[%clk 00:14:11]} 1/2-1/2